The cultural revolution in China

Сохранить в:
Библиографические подробности
Главный автор: Robinson, Joan
Формат:
Язык:Undetermined
Опубликовано: Harmondsworth Penguin 1969
Предметы:
Метки: Добавить метку
Нет меток, Требуется 1-ая метка записи!
Thư viện lưu trữ: Trung tâm Học liệu Trường Đại học Cần Thơ
LEADER 00582nam a2200205Ia 4500
001 CTU_90400
008 210402s9999 xx 000 0 und d
082 |a 951.05 
082 |b R662 
100 |a Robinson, Joan 
245 4 |a The cultural revolution in China 
245 0 |c Joan Robinson 
260 |a Harmondsworth 
260 |b Penguin 
260 |c 1969 
650 |a Politics and government 
650 |y 1949-1976 
650 |z China 
904 |i Bằng,Hải sửa số pl 951.05/J662 thành 951.05/R662 
980 |a Trung tâm Học liệu Trường Đại học Cần Thơ